| 000 | 00298nam a22000977a 4500 | ||
|---|---|---|---|
| 008 | 140124b xxu||||| |||| 00| 0 eng d | ||
| 020 |
_a8178083752 _cAvailable |
||
| 082 |
_a005.758OZS _b000212 |
||
| 245 |
_aPrinciples of Distrbuted Database Systems _cOzus Tamer M |
||
| 260 |
_aIndia _bPearson Education _c1999 |
||
| 999 |
_c23803 _d23803 |
||